India-Africa economic relations in the new global economy (Record no. 1435553)

MARC details
000 -LEADER
fixed length control field 00899 a2200265 4500
005 - DATE AND TIME OF LATEST TRANSACTION
control field 20251128113220.0
008 - FIXED-LENGTH DATA ELEMENTS--GENERAL INFORMATION
fixed length control field 251127b |||||||| |||| 00| 0 eng d
020 ## - INTERNATIONAL STANDARD BOOK NUMBER
International Standard Book Number 9781041115021 (hbk)
037 ## - SOURCE OF ACQUISITION
Terms of availability TB
040 ## - CATALOGING SOURCE
Original cataloging agency AL
Transcribing agency AL
041 ## - LANGUAGE CODE
Source of code eng
Language code of text/sound track or separate title eng
084 ## - COLON CLASSIFICATION NUMBER
Classification number V2:196.P R5
Assigning agency TB
100 ## - MAIN ENTRY--PERSONAL NAME
Personal name Rowden, Rick
9 (RLIN) 821535
245 ## - TITLE STATEMENT
Title India-Africa economic relations in the new global economy
260 ## - PUBLICATION, DISTRIBUTION, ETC.
Place of publication, distribution, etc. London, UK;
-- New York, USA:
Name of publisher, distributor, etc. Routledge,
Date of publication, distribution, etc. 2025.
300 ## - PHYSICAL DESCRIPTION
Extent xxi, 262p.
365 ## - TRADE PRICE
Price amount 1495.00
Currency code INR
490 ## - SERIES STATEMENT
Series statement Critical political economy of South Asia
650 ## - SUBJECT ADDED ENTRY--TOPICAL TERM
Topical term or geographic name entry element History
9 (RLIN) 853387
650 ## - SUBJECT ADDED ENTRY--TOPICAL TERM
Topical term or geographic name entry element India - History
9 (RLIN) 853388
650 ## - SUBJECT ADDED ENTRY--TOPICAL TERM
Topical term or geographic name entry element Africa History
9 (RLIN) 853389
650 ## - SUBJECT ADDED ENTRY--TOPICAL TERM
Topical term or geographic name entry element Foreign Relation
9 (RLIN) 853390
942 ## - ADDED ENTRY ELEMENTS (KOHA)
Koha item type Textbook
Source of classification or shelving scheme Colon Classification (CC)
Suppress in OPAC No
Classification part V2:196.P R5
Holdings
Withdrawn status Lost status Source of classification or shelving scheme Damaged status Not for loan Home library Current library Date acquired Source of acquisition Cost, normal purchase price Inventory number Total Checkouts Full call number Barcode Date last seen Cost, replacement price Price effective from Koha item type
    Colon Classification (CC)     Arts Library Arts Library 2025-10-16 53/ Pioneer Books Distributors 1196.00 090 & 2025-10-07   V2:196.P R5 AL1804873 2025-10-16 1495.00 2025-10-16 Textbook
Copyright @ Delhi University Library System